000 00704nam a2200277Ia 4500
005 20260324130520.0
008 008 260324s9999 xx 000 0 eng d
020 _a9781315215747
037 _aEBOOK
040 _aCRL
040 _beng
040 _cCRL
041 _2eng
041 _aeng
084 _qCRL
100 _aJamal T. Manassah
_91182076
245 0 _aElementary Mathematical and Computational Tools for Electrical and Computer Engineers Using MATLAB
260 _bTaylor and Francis
260 _c2007
365 _a
365 _b240
856 _uhttp://www.taylorfrancis.com/books/9781315215747
942 _cEBOOK
999 _c1778300
_d1778300